| 000 | 00771nam a22001937a 4500 | ||
|---|---|---|---|
| 999 |
_c4652 _d4652 |
||
| 001 | 5283 | ||
| 003 | BD-DhUAP | ||
| 005 | 20201116121731.0 | ||
| 008 | 201116s1999 bg a|||| |||| 00| 0 eng d | ||
| 020 | _a9847730059 | ||
| 040 |
_aBD-DhUAP _bBen _cBD-DhUAP _dBD-DhUAP |
||
| 082 |
_223 _a930.1095492 HOS |
||
| 100 | _aহোসেন, মোঃ মোশারফ। | ||
| 245 |
_aচট্রগ্রাম জাতিতাত্ত্বিক জাদুঘর / _cমোঃ মোশারফ হোসেন। |
||
| 260 |
_aঢাকা : _bপ্রত্নতত্ত্ব অধিদপ্তর, _cc১৯৯৯। |
||
| 300 |
_a৩৩ পৃষ্ঠা : _bচিত্র ; _c২২ সে.মি.। |
||
| 650 |
_aArcheology _zBangladesh. |
||
| 942 |
_2ddc _cBK |
||